Tilastot visalle Islantia lähimpänä sijaitsevat valtiot

Klikkaa tästä pelataksesi tätä visaa!

Yleistilastot

  • Tätä visaa on pelattu 574 kertaa
  • Keskiarvotulos 19 / 20

Vastaustilastot

kmValtio% Oikein
539Norja (Jan Mayen)
100%
1238Ruotsi
99%
1491Suomi
99%
284Tanska (Grönlanti)
99%
1072Irlanti
97%
1630Saksa
97%
784Yhdistynyt kuningaskunta
97%
1800Venäjä
96%
1771Ranska
95%
1655Alankomaat
94%
1777Belgia
94%
1637Kanada
94%
1967Puola
94%
1945Viro
94%
2022Latvia
93%
2100Liettua
93%
1987Luxemburg
87%
2286Espanja
85%
2285Sveitsi
80%
2202Tšekki
74%

Tulosjakauma

Persentiili vastausten määrän mukaan

Jokaisen tuloksen saaneiden osuus

Tuloshistoriasi

Et ole pelannut tätä visaa